| 000 | 01385njm a2200325Ia 4500 | ||
|---|---|---|---|
| 001 | H5018 | ||
| 003 | IT-RoPAU | ||
| 005 | 20220918181142.0 | ||
| 008 | 131025s9999 xx 000 0 und d | ||
| 040 | _aIT-RoPAU | ||
| 040 | _cIT-RoPAU | ||
| 041 | _aITALIANO | ||
| 999 |
_c101342 _d101342 |
||
| 999 | _bn.d. | ||
| 100 |
_aCento Giosy _91580 |
||
| 100 |
_eAutore musica _933351 |
||
| 100 |
_gCodice autore musica SPICS: 10822 _91582 |
||
| 245 | _aLazzaro "G" | ||
| 250 | _a1a ed. | ||
| 260 | _aROMA | ||
| 260 |
_bPAOLINE AUDIOVISIVI _c2002 [1a Ed.:2002 - Ed. Lingua Orig.: 2002] |
||
| 300 | _aSPARTITO MUSICALE | ||
| 300 | _c (Testo: 56 pag.) | ||
| 500 | _aSpartito musicale. Grazie, Gesù cantautore di Dio. 25 anni di ministero della canzone di Giampaolo Mattei. | ||
| 505 | _aGiovani Day - Graffiti di colori (M. Fiaschi coautore di testo) - "G" - Pescatore tu - Uomo di Gesù - Lazzaro - Lo sposo e la sposa - E' Gesù la sorgente - Il bambino di Anna - Sale e luce - Se tu canti per Dio - Fatevi preti - Sei grande Dio - Telefona se puoi. | ||
| 650 |
_aRELIGIOSO [SPARTITI MUSICALI] _eCodice MATERIA SPICS: 9953 _933352 |
||
| 700 |
_aCento Giosy _eAutore _gCodice autore SPICS: 10822 _933353 |
||
| 700 |
_aPuccio Gregorio _eAutore testo e musica _gCodice autore testo/musica SPICS: 11508 _933354 |
||
| 700 |
_aCento Giosy _eInterprete _gCodice interprete SPICS: 10822 _933355 |
||
| 942 |
_cMS _2ddc |
||